Größte Städte im Vereinigten Königreich - Statistiken

Allgemein
  • Dieses Quiz wurde 8.108 mal gespielt
  • Das Durchschnittsergebnis liegt bei 9 aus 15
Antwortstatistiken
Bevölkerung Stadt % Korrekt
8.776.535 London
100%
470.411 Manchester
95%
506.552 Liverpool
89%
1.121.408 Birmingham
81%
631.690 Glasgow
75%
505.310 Edinburgh
73%
536.321 Leeds
58%
384.704 Belfast
56%
348.546 Cardiff
56%
299.797 Nottingham
43%
425.232 Bristol
40%
406.588 Leicester
35%
500.552 Sheffield
33%
344.322 Coventry
10%
333.931 Bradford
8%
Keine übereinstimmenden Quizze gefunden
Verteilung der Resultate
Anzahl Personen mit jedem Resultat
Perzentil nach korrekt beantworteten Fragen
Ihre Resultats-Entwicklung
Sie haben dieses Quiz noch nicht gespielt